AIDS-betegek Gömörben

Bibliographic Details
Main Author: (ambrus) (Author)
Format: Article
Language:Hungarian
Slovak
Subjects:

MARC

LEADER 00000nab a2200000 a 4500
001 vtls000999772
003 SK-MaSNL
005 20260319074053.0
008 040720e19950513xo 0 hun
035 |a RV373 
040 |a RVGKPD  |b slo  |c RVGKPD  |e AACR2 
041 0 |a slo 
044 |a xo  |c SK 
080 |a 616.9  |2 1981 
100 0 |a (ambrus)  |4 aut  |9 900994 
245 1 0 |a AIDS-betegek Gömörben 
500 |a výskyt 
500 |a správy 
650 0 7 |a AIDS  |2 RVGKPD  |9 58580 
651 7 |a Silická Brezová (Slovensko)  |2 RVGKPD  |9 58479 
655 7 |a periodikum  |2 snkbucl  |9 29553 
773 0 8 |t Új Szó  |g Roč. 48, č.110, 13.5.1995, s. 2 
852 |a ZVYKNI  |b KIS3GCP 
999 |c 1687134  |d 1689064